[Event "Stay Safe Play From Home 150"]
[Site "T#646043Emanuel Laske"]
[Date "2020.05.14"]
[Round "6"]
[White "Kongle"]
[Black "Klari64"]
[Result "1-0"]
[WhiteElo "1781"]
[BlackElo "2039"]
[Annotator "TA"]
[PlyCount "83"]
[EventDate "2020.05.14"]
[EventType "swiss (blitz)"]

{[%evp 9,82,35,34,18,24,24,24,11,29,2,12,-20,-11,-37,31,24,30,16,35,-14,48,26,88,77,109,77,65,64,213,200,236,213,366,410,395,382,374,295,279,170,205,198,209,208,569,581,565,548,579,574,565,564,561,498,505,491,529,368,4627,2566,29973,12789,983,722,663,664,29994,29995,29995,29996,29997,29998,29998,29999,29999]} 1. d4 Nf6 2. c4 e6 3. Nf3 Bb4+ 4. Bd2 c5 5. Bxb4 cxb4 6. Qa4 {E11: Bogo-Indian.} Nc6 7. e3 O-O 8. Bd3 {White has an edge.} d6 {[#]} 9. a3 $146 ({Predecessor:} 9. O-O Bd7 10. Qc2 Qe7 11. Nbd2 h6 12. e4 e5 13. d5 Nb8 14. c5 Bg4 15. cxd6 Qxd6 {½-½ (54) Merino Garcia,R-Cabello Rodriguez,S Spain 1993}) 9... bxa3 10. Nxa3 {[%cal Bb1a3,Ba3b5,Bb5d6][%mdl 32]} Bd7 {White should prevent ...Nxd4!} 11. Qd1 Rc8 (11... e5 $15 12. d5 Nb4) 12. Nb5 $14 d5 13. Nd6 $36 {[%mdl 2048] [#] And now cxd5 would win. White has good play.} (13. Nxa7 Nxa7 14. Rxa7 dxc4 $15) 13... Rb8 14. c5 Qe7 (14... b6 $11) 15. O-O e5 (15... b6 $11 {remains equal.}) 16. dxe5 $16 Nxe5 17. Nxe5 Qxe5 18. Rxa7 Ng4 {Black cannot hold the game after this.} (18... Qxb2 $14 19. Qb1 Qe5) 19. g3 $18 Qh5 {[%csl Gg4][%cal Rh5h2]} 20. h4 g5 $2 (20... Qe5 21. Qd2 Qf6) 21. Bf5 (21. Nxb7 gxh4 22. Qf3 Kh8 $16) 21... Bxf5 22. Nxf5 {Black must now prevent Ra4.} Kh8 23. Qd4+ f6 24. f3 ({Inferior is} 24. Qxd5 gxh4 25. Kg2 (25. gxh4 $2 Rg8 $19) 25... hxg3 $11) 24... Ne5 25. Qxd5 gxh4 26. g4 {[%mdl 64] [#] Zwischenzug} ({Don't blunder} 26. Nxh4 $2 Rg8 $19) 26... Nxg4 $2 (26... Qg5 27. Kh1 (27. Rxb7 Nxg4 28. Rg7 Nxe3+ {[%mdl 64] Double Attack} 29. Rxg5 Nxd5 $14) 27... h5) 27. fxg4 Qxg4+ 28. Qg2 Rg8 {[%csl Gg8][%cal Rg4g2]} 29. Qxg4 Rxg4+ 30. Kh2 Rc4 31. b4 Rxb4 32. Rc1 Rb5 33. e4 Rc8 $2 (33... Rb2+ 34. Kh3 Rg8) 34. c6 bxc6 35. Rd1 Rb2+ 36. Kh3 {White wants to mate with Rdd7.} Rb3+ 37. Kxh4 {Threatening mate with Rdd7.} Rb4 38. Rdd7 {White mates.} Rxe4+ 39. Kh5 Rd4 40. Rxh7+ Kg8 41. Rag7+ Kf8 42. Rh8# {Accuracy: White = 68%, Black = 42%.} 1-0

[Event "Stay Safe Play From Home 150"]
[Site "T#646043Emanuel Laske"]
[Date "2020.05.14"]
[Round "6"]
[White "Mruzic"]
[Black "Ironmike"]
[Result "0-1"]
[WhiteElo "1761"]
[BlackElo "1800"]
[Annotator "NA RC"]
[PlyCount "52"]
[EventDate "2020.05.14"]
[EventType "swiss (blitz)"]

1. d4 {[%emt 0:00:01]} d5 {[%emt 0:00:01]} 2. c4 {[%emt 0:00:01]} c6 {[%emt 0:00:02]} 3. Nc3 {[%emt 0:00:01]} dxc4 {[%emt 0:00:01]} 4. e3 {[%emt 0:00:01]} b5 {[%emt 0:00:01]} 5. Nxb5 {[%emt 0:00:02]} cxb5 {[%emt 0:00:04]} 6. Qf3 {[%emt 0:00:01]} Nc6 {[%emt 0:00:02]} 7. Qxc6+ {[%emt 0:00:02]} Bd7 {[%emt 0:00:00]} 8. Qa6 {[%emt 0:00:05]} e6 {[%emt 0:00:05]} 9. Bd2 {[%emt 0:00:09]} Nf6 {[%emt 0:00:02]} 10. Nf3 {[%emt 0:00:02]} Ne4 {[%emt 0:00:01]} 11. Ba5 {[%emt 0:00:03]} Qb8 {[%emt 0:00:07]} 12. a3 {[%emt 0:00:05]} Be7 {[%emt 0:00:12]} 13. Bc3 {[%emt 0:00:05]} O-O {[%emt 0:00:03]} 14. Ne5 {[%emt 0:00:06]} Be8 {[%emt 0:00:04]} 15. f3 {[%emt 0:00:11]} f6 {[%emt 0:00:05]} 16. Ng4 {[%emt 0:00:08]} Nxc3 {[%emt 0:00:12]} 17. bxc3 {[%emt 0:00:02]} Kh8 {[%emt 0:00:03]} 18. Qxe6 {[%emt 0:00:07]} Qc7 {[%emt 0:00:06]} 19. Be2 {[%emt 0:00:07]} Bf7 {[%emt 0:00:01]} 20. Qf5 {[%emt 0:00:05]} Bg6 {[%emt 0:00:02]} 21. Qd5 {[%emt 0:00:14]} Rfd8 {[%emt 0:00:04]} 22. Qe6 {[%emt 0:00:02]} Re8 {[%emt 0:00:01]} 23. Qa6 {[%emt 0:00:12]} Bd6 {[%emt 0:00:15]} 24. Qxb5 {[%emt 0:00:10]} f5 {[%emt 0:00:02]} 25. Nf2 {[%emt 0:00:08]} Rxe3 {[%emt 0:00:01]} 26. Qxc4 {[%emt 0:00:04]} Qxc4 {[%emt 0:00:05] Mruzic resigns (Lag: Av=0.28s, max=0.3s)} 0-1

[Event "Stay Safe Play From Home 150"]
[Site "T#646043Emanuel Laske"]
[Date "2020.05.14"]
[Round "6"]
[White "Lucknow"]
[Black "Edmatuag"]
[Result "1-0"]
[WhiteElo "1739"]
[BlackElo "1700"]
[Annotator "NA RC"]
[PlyCount "61"]
[EventDate "2020.05.14"]
[EventType "swiss (blitz)"]

1. d4 {[%emt 0:00:04]} d5 {[%emt 0:00:00]} 2. c4 {[%emt 0:00:01]} e6 {[%emt 0:00:01]} 3. Nf3 {[%emt 0:00:01]} Nf6 {[%emt 0:00:00]} 4. Nc3 {[%emt 0:00:01]} Nbd7 {[%emt 0:00:01]} 5. e3 {[%emt 0:00:02]} Be7 {[%emt 0:00:03]} 6. Bd3 {[%emt 0:00:01]} O-O {[%emt 0:00:01]} 7. O-O {[%emt 0:00:01]} c5 {[%emt 0:00:03]} 8. Qe2 {[%emt 0:00:02]} b6 {[%emt 0:00:05]} 9. Rd1 {[%emt 0:00:02]} Bb7 {[%emt 0:00:01]} 10. b3 {[%emt 0:00:01]} Rc8 {[%emt 0:00:04]} 11. Bb2 {[%emt 0:00:01]} Qc7 {[%emt 0:00:01]} 12. Rac1 {[%emt 0:00:02]} Qb8 {[%emt 0:00:01]} 13. e4 {[%emt 0:00:04]} dxe4 {[%emt 0:00:03]} 14. Nxe4 {[%emt 0:00:01]} Nxe4 {[%emt 0:00:01]} 15. Bxe4 {[%emt 0:00:00]} cxd4 {[%emt 0:00:14]} 16. Rxd4 {[%emt 0:00:21]} Bxe4 {[%emt 0:00:20]} 17. Rxd7 {[%emt 0:00:13]} Bxf3 {[%emt 0:00:05]} 18. Qxf3 {[%emt 0:00:02]} Rfe8 {[%emt 0:00:05]} 19. Qg4 {[%emt 0:00:12]} Bf8 {[%emt 0:00:06]} 20. Rcd1 {[%emt 0:00:14]} Rcd8 {[%emt 0:00:13]} 21. Qf3 {[%emt 0:00:13]} Rxd7 {[%emt 0:00:05]} 22. Rxd7 {[%emt 0:00:01]} Re7 {[%emt 0:00:12]} 23. Rd3 {[%emt 0:00:18]} Qb7 {[%emt 0:00:10]} 24. Qg4 {[%emt 0:00:18]} Rd7 {[%emt 0:00:26]} 25. Rg3 {[%emt 0:00:10]} f5 {[%emt 0:00:02]} 26. Qe2 {[%emt 0:00:02]} Qc6 {[%emt 0:00:09]} 27. h4 {[%emt 0:00:07]} Bc5 {[%emt 0:00:19]} 28. h5 {[%emt 0:00:04]} Qd6 {[%emt 0:00:02]} 29. Kh2 {[%emt 0:00:14]} Qd1 {[%emt 0:00:02]} 30. Qxd1 {[%emt 0:00:01]} Rxd1 {[%emt 0:00:02]} 31. Rxg7+ {[%emt 0:00:01] Time (Lag: Av=0.43s, max=0.9s)} 1-0

[Event "Stay Safe Play From Home 150"]
[Site "T#646043Emanuel Laske"]
[Date "2020.05.14"]
[Round "7"]
[White "Position"]
[Black "Little champs"]
[Result "0-1"]
[WhiteElo "2070"]
[BlackElo "2214"]
[Annotator "TA"]
[PlyCount "60"]
[EventDate "2020.05.14"]
[EventType "swiss (blitz)"]

{[%evp 10,60,57,30,33,36,33,22,18,-9,0,0,21,-4,-6,-67,-70,-69,-50,-72,-66,-68,-57,-70,0,0,0,-206,0,0,0,0,-8,-45,181,187,460,483,465,291,428,36,6,6,14,25,417,414,561,287,289,-19,-76]} 1. e4 c6 2. d3 d5 3. Nd2 dxe4 4. dxe4 Nf6 5. Ngf3 Bg4 6. Be2 (6. e5 $5 {[%cal Re5f6]} Nd5 7. h3 $14) 6... e6 {B10: Caro-Kann: 2 d3 and 2 c4.} 7. O-O Be7 8. c3 O-O 9. Qc2 Qc7 10. Nc4 Rd8 11. Re1 Nbd7 {[#]} 12. Ne3 $146 (12. a4 $11) ({Predecessor:} 12. h3 Bh5 13. g3 e5 14. b4 c5 15. b5 a6 16. Rb1 Nxe4 17. b6 Qb8 18. Nfxe5 Nxg3 19. Bxh5 Nxh5 20. Nxd7 Rxd7 {1-0 (28) Natri,A (2206)-Boissonnier,K (2031) Finland 2000}) 12... Bh5 $15 13. g3 Bg6 14. Nd2 $1 Nc5 {[%cal Rf6e4]} 15. f3 a5 16. a4 Qd7 (16... h5 $15 17. Ng2 b5 $1 {[%mdl 512]}) 17. Nec4 {Black must now prevent Nb6.} Qc7 18. Nf1 $2 {[#]} (18. Ne3 $11 {and White has nothing to worry.}) 18... b5 $2 (18... Nfxe4 $1 $19 {[%mdl 512]} 19. Bf4 (19. fxe4 Bxe4) 19... Nd6) 19. Bf4 $11 Qb7 20. axb5 cxb5 21. Nxa5 Rxa5 $2 (21... Qb6 $15 {stays ahead.} 22. b4 Nd3+ 23. Be3 Nxe1 24. Rxe1 Qa6) 22. Rxa5 $18 {[%cal Ba1a5,Ba5b5,Bb5b6,Bb6a6,Ba6a7][%mdl 32] Strongly threatening b4.} Qb6 $2 (22... Nd3 {was called for.} 23. Bxd3 Qb6+ 24. Ne3 Qxa5) 23. Rxb5 Qc6 24. Be3 Ncxe4 (24... Nfxe4 $142 25. fxe4 Bxe4 26. Rxc5 {[%mdl 64] Clearance} Bxc5) 25. fxe4 $2 (25. Rb6 $18 Nd6 26. Qxg6 Qxb6 27. Bxb6 hxg6 28. Bxd8 Bxd8 29. Ra1) 25... Bxe4 $14 26. Rb6 Qa8 $1 27. Ra6 Qb7 $2 {[%mdl 8192]} (27... Bxc2 $11 28. Rxa8 Rxa8) 28. Ra7 $18 Qd5 29. c4 Qf5 {[#]} 30. Qa4 $2 (30. g4 $1 $18 {[%cal Rg4f5]} Nxg4 31. Ng3 {[%mdl 64] Double Attack}) 30... Qh3 {Accuracy: White = 55%, Black = 55%.} 0-1

[Event "Stay Safe Play From Home 150"]
[Site "T#646043Emanuel Laske"]
[Date "2020.05.14"]
[Round "7"]
[White "Sfantul321"]
[Black "Weltszmerc"]
[Result "1/2-1/2"]
[WhiteElo "2058"]
[BlackElo "2140"]
[Annotator "TA"]
[PlyCount "61"]
[EventDate "2020.05.14"]
[EventType "swiss (blitz)"]

{[%evp 9,61,-39,12,20,19,0,31,34,33,18,24,15,25,10,18,20,22,33,49,20,16,37,33,29,35,39,47,26,47,44,41,23,50,35,50,46,145,147,187,189,188,192,199,202,215,202,231,231,275,302,300,270,354,298]} 1. c4 b6 2. Nc3 Bb7 3. e4 e5 4. f3 Nc6 5. Nge2 Nf6 (5... Bc5 $15) 6. d4 $11 {A10: English Opening: Unusual Replies for Black.} exd4 7. Nxd4 Nxd4 8. Qxd4 {White is slightly better.} Bc5 9. Qd3 O-O 10. Be3 {[#]} Qe7 $146 ({Predecessor:} 10... Bxe3 11. Qxe3 Qe7 12. Be2 Rae8 13. O-O-O a6 {½-½ (13) Coleman,F (1516)-Pride,S (1656) Llandudno 2017}) 11. O-O-O Bxe3+ 12. Qxe3 d6 13. g4 Rfe8 14. Qf4 Nd7 15. h4 Qe5 16. Qxe5 Nxe5 17. Be2 Nd7 18. b3 a6 19. Kb2 Rac8 20. Rhe1 Nc5 21. Nd5 Ne6 22. g5 Bxd5 ({Black should play} 22... a5 $14) 23. cxd5 $16 Nf4 24. Bxa6 Ra8 25. Bb5 Re7 26. a4 Kf8 27. Kc3 f6 28. Kd4 Ng6 29. Rh1 Ne5 30. f4 Ng6 31. Rdf1 {[%mdl 32768] Accuracy: White = 95%, Black = 64%. . An unexpected result.} 1/2-1/2

[Event "Stay Safe Play From Home 150"]
[Site "T#646043Emanuel Laske"]
[Date "2020.05.14"]
[Round "7"]
[White "Chesstiger9"]
[Black "Don59as"]
[Result "1/2-1/2"]
[WhiteElo "2023"]
[BlackElo "2040"]
[Annotator "TA"]
[PlyCount "88"]
[EventDate "2020.05.14"]
[EventType "swiss (blitz)"]

{[%evp 16,88,25,10,33,-64,0,-4,0,-4,102,57,73,66,191,165,187,174,194,181,173,59,218,212,228,221,217,12,187,0,0,0,0,0,106,101,137,139,235,166,212,58,93,98,75,91,161,143,278,120,149,57,85,0,2,0,2,0,0,-14,0,-13,0,0,0,0,8,8,8,0,8,0,0,0,12]} 1. e4 e5 2. Nf3 Nc6 3. Bc4 d6 4. d4 exd4 5. Nxd4 Nf6 6. Nc3 Be7 7. O-O O-O 8. h3 Bd7 9. f4 a6 {[#] C50: Hungarian Defence and Giuoco Pianissimo.} 10. f5 $146 (10. Nf3 $14) ({Predecessor:} 10. Be3 b5 11. Bb3 b4 12. Nd5 Nxe4 13. Nxc6 Bxc6 14. Nxb4 Bb7 15. Bd5 Bxd5 16. Qxd5 {1-0 (32) Xie,B (1995)-Shapiro,M (1531) chess.com INT 2020}) 10... b5 (10... Nxd4 $15 11. Qxd4 b5) 11. Bd5 $11 Nxd4 12. Bxa8 ({Don't go for} 12. Qxd4 $2 c6 $19) 12... b4 (12... Nxf5 $11 {remains equal.} 13. Bd5 Nxd5 14. Qxd5 Nh4) 13. Qxd4 bxc3 14. Bd5 cxb2 (14... Nxd5 $14 15. Qxd5 (15. exd5 Bf6 $11) 15... Qe8) 15. Bxb2 $18 c6 16. Bb3 $1 Qa5 17. Kh1 c5 18. Qc3 (18. Qe3 $18) 18... Qc7 $2 (18... Qxc3 $14 19. Bxc3 Nxe4) 19. Rad1 Bc6 20. Bd5 Bb5 21. g4 $2 (21. Rfe1 $18) 21... Ne8 $2 (21... Bxf1 $11 {and Black stays safe.} 22. Rxf1 h6) 22. e5 $2 (22. Rg1 $18) 22... Bxf1 $11 23. Rxf1 {f6 is the strong threat.} dxe5 24. Qxe5 Qxe5 (24... Qd7 $11 {keeps the balance.} 25. Bc1 Nf6) 25. Bxe5 $16 Bf6 26. Bf4 Bd4 (26... Be7 $16 27. Rd1 Nd6) 27. Re1 Nf6 28. c4 $2 (28. Bc4 $18) 28... h6 29. Re7 Nxd5 30. cxd5 {[%mdl 4096] Endgame KRB-KRB} Rd8 (30... Bf6 $16 {might work better.} 31. Rc7 Re8) 31. d6 $18 c4 {[#]} (31... g6 $16 {was called for.}) 32. Rc7 (32. d7 $1 $18 {and the rest is easy.} Bf6 33. Re8+ Kh7 34. Rxd8 Bxd8 35. Kg2) 32... c3 $16 {[#]} 33. d7 ({White should play} 33. Kg2 $1 $16) 33... Kh7 34. Bd6 (34. Kg2 $16) 34... c2 $11 {The position is equal.} 35. Rxc2 {Hoping for Rd2.} Rxd7 36. Bf4 Bf6 37. Rc6 a5 38. Ra6 Bc3 39. Rd6 Rxd6 40. Bxd6 g6 41. fxg6+ Kxg6 42. Kg2 f5 43. Kf3 fxg4+ 44. hxg4 h5 {Blacks defense is rewarded with a draw. Accuracy: White = 43%, Black = 44%.} 1/2-1/2

[Event "Stay Safe Play From Home 150"]
[Site "T#646043Emanuel Laske"]
[Date "2020.05.14"]
[Round "7"]
[White "Klari64"]
[Black "Gmbasti"]
[Result "1-0"]
[WhiteElo "2012"]
[BlackElo "1610"]
[Annotator "RC"]
[PlyCount "23"]
[EventDate "2020.05.14"]
[EventType "swiss (blitz)"]

1. e4 {[%emt 0:00:01]} c6 {[%emt 0:00:01]} 2. Nc3 {[%emt 0:00:02]} d5 {[%emt 0:00:00]} 3. Qe2 {[%emt 0:00:02]} Nf6 {[%emt 0:00:02]} 4. Nf3 {[%emt 0:00:01]} dxe4 {[%emt 0:00:01]} 5. Nxe4 {[%emt 0:00:00]} Nxe4 {[%emt 0:00:01]} 6. Qxe4 {[%emt 0:00:01]} g6 {[%emt 0:00:04]} 7. Bc4 {[%emt 0:00:01]} Bg7 {[%emt 0:00:03]} 8. Ng5 {[%emt 0:00:01]} O-O {[%emt 0:00:02]} 9. Qh4 {[%emt 0:00:01]} h6 {[%emt 0:00:03]} 10. Nxf7 {[%emt 0:00:01]} Rxf7 {[%emt 0:00:01]} 11. O-O {[%emt 0:00:03]} e6 {[%emt 0:00:02]} 12. Qxd8+ {[%emt 0:00:02] Gmbasti gibt auf (Lag: Av=0.42s, max=1.4s)} 1-0

[Event "Stay Safe Play From Home 150"]
[Site "T#646043Emanuel Laske"]
[Date "2020.05.14"]
[Round "7"]
[White "Lazieri3"]
[Black "Lamborghini"]
[Result "0-1"]
[WhiteElo "2009"]
[BlackElo "2225"]
[Annotator "TA"]
[PlyCount "84"]
[EventDate "2020.05.14"]
[EventType "swiss (blitz)"]

{[%evp 9,84,-25,-21,-37,-42,-54,-38,-37,-41,-38,-13,-31,-10,-26,0,-33,-23,-26,-14,-55,-31,-49,-35,-37,-28,-269,-268,-459,-450,-451,-246,-232,-243,-348,-374,-371,-365,-605,-628,-623,-609,-614,-603,-607,-545,-890,-463,-1072,-1068,-1047,-1052,-1341,-1327,-1340,-1218,-8781,-12851,-5006,-4714,-29990,-29991,-29991,-29992,-29992,-29991,-29992,-1058,-1058,-1045,-1053,-1052,-29979,-29976,-29998,-29999,-29999,-5088]} 1. e4 c5 2. Nc3 d6 3. d3 Nc6 4. Nf3 e5 5. Bg5 Be7 6. Bxe7 {B50: Sicilian: 2...d6, Miscellaneous.} Ngxe7 {[#]} 7. g3 $146 ({Predecessor:} 7. Nd5 Nxd5 8. exd5 Nb4 9. c3 Nxd5 10. d4 cxd4 11. cxd4 Qa5+ 12. Qd2 Qxd2+ 13. Kxd2 {0-1 (29) Lepidakis,A (1005)-Pappas,K (2103) Heraklion 2005}) 7... f6 8. Bg2 {Black is slightly better.} O-O 9. O-O a6 10. a4 Rb8 11. Nh4 Be6 12. f4 exf4 13. gxf4 d5 14. Qh5 {[%cal Re4d5]} Bf7 15. Qg4 Nd4 $36 {[%mdl 2048] Black is more active.} 16. Rf2 dxe4 17. Nxe4 $2 {[#] White does not recover from this.} (17. dxe4 $11 {and White is okay.} Qb6 18. Qg3) 17... f5 $1 $19 {[%cal Rf5g4][%mdl 64] Double Attack} 18. Nf6+ $2 (18. Qh3 fxe4 19. dxe4) 18... Kh8 19. Qg5 gxf6 (19... Ne6 $142 20. Qg3 gxf6) 20. Qxf6+ Kg8 21. Re1 (21. Qg5+ $142 Ng6 22. Nxf5) 21... Ng6 22. Qxd8 Rfxd8 23. c3 $2 (23. Nxg6 hxg6 24. Re7) 23... Nxh4 24. cxd4 Rxd4 {[%mdl 64] Double Attack} 25. Re7 Ng6 26. Rc7 Nxf4 27. Bxb7 Ne6 28. Re7 (28. Rc8+ $142 Rxc8 29. Bxc8) 28... Kf8 29. Rxf7+ Kxf7 30. Rxf5+ Ke7 31. Bxa6 Rxb2 32. Bc4 Nf4 33. Re5+ {[#]} Kd6 $1 34. Re8 Nh3+ 35. Kf1 Rg4 {[%csl Gh3][%cal Rg4g1]} 36. Rd8+ {[#]} Kc7 $1 {[%csl Gh3][%cal Rg4g1]} 37. Rg8 Rb1+ (37... Rf4+ $142 38. Ke1 Rff2 39. Rc8+ {[%mdl 64] Decoy} Kxc8 40. Be6+ Kc7 41. Bxh3 Rxh2 42. Bg2 Rhxg2 43. Kf1 Rgc2 44. Kg1 Rc1#) 38. Ke2 Nf4+ 39. Kf3 Rxg8 40. Kxf4 Rf8+ {Black mates.} 41. Ke5 Re1+ 42. Kd5 Re7 {Accuracy: White = 39%, Black = 70%.} (42... Rf5# $142) 0-1

[Event "Stay Safe Play From Home 150"]
[Site "T#646043Emanuel Laske"]
[Date "2020.05.14"]
[Round "7"]
[White "Ironmike"]
[Black "MartinKestler"]
[Result "0-1"]
[WhiteElo "1815"]
[BlackElo "1918"]
[Annotator "TA"]
[PlyCount "134"]
[EventDate "2020.05.14"]
[EventType "swiss (blitz)"]

{[%evp 11,134,25,32,6,36,-12,-1,-13,-3,-13,-10,-16,-16,-30,-24,-28,-12,-20,-6,-76,-37,-101,-59,-57,-49,-49,-50,-47,0,0,0,-42,-8,-22,-9,-8,0,-14,-7,-7,101,12,26,-13,-8,-16,0,-5,0,0,35,-74,-74,-68,-78,-81,-75,-60,0,0,0,0,0,-6,-6,-10,35,-11,0,0,16,-113,-120,-455,0,0,43,44,59,58,114,110,129,104,265,264,1652,0,54,0,8,0,0,0,169,167,121,106,504,680,656,623,601,494,427,184,878,642,822,771,1286,0,0,0,564,0,588,454,1335,1295,1263,1184,1202,1058,992]} 1. e4 d6 2. Nf3 Nf6 3. Nc3 e5 4. d4 Nbd7 5. dxe5 Nxe5 6. Bg5 Be7 7. Be2 {C41: Philidor Defence.} O-O {[#]} 8. h3 $146 ({Predecessor:} 8. Nxe5 dxe5 9. Qxd8 Bxd8 10. O-O-O c6 11. Kb1 Be6 12. f3 h6 13. Be3 Be7 14. Rd2 {1-0 (68) Homer,G-Wojciechowski,P Staffordshire 1971}) 8... c6 9. Nxe5 {The position is equal.} dxe5 10. Qxd8 Rxd8 11. O-O Be6 12. a3 h6 13. Bh4 Rd7 14. Bg3 Bd6 15. Bd3 (15. Rfd1 $11) 15... Rad8 16. Rae1 (16. Be2 $15) 16... Bc7 17. f4 exf4 18. Bxf4 Bxf4 19. Rxf4 Nh5 20. Rh4 Nf6 21. Rf4 Nh7 22. g4 Ng5 23. Kg2 a6 24. h4 Nh7 25. e5 Bd5+ (25... Nf8 $11) 26. Kg3 (26. Nxd5 $16 {Threatens to win with Nb6.} cxd5 27. e6 fxe6 28. Rxe6) 26... Nf8 $11 27. Rb4 b5 28. Rf4 Ne6 29. Rf2 Nc5 30. Bf5 Be6 31. Be4 (31. b4 $14 {stays ahead.} Nb7 32. Bxe6 fxe6 33. g5) 31... Nxe4+ $17 32. Nxe4 Rd4 33. g5 hxg5 34. hxg5 Rd1 (34... Kh7 $15) 35. Rxd1 $11 Rxd1 {[%mdl 4096] Endgame KRB-KRN} 36. Nc5 Bc8 37. Re2 Rd5 38. Nd3 Bf5 39. Nf4 Rd7 40. c3 Be6 41. Nh5 (41. g6 $11 {remains equal.}) 41... Rd3+ $17 42. Kf2 $2 {[%mdl 8192] [#]} (42. Kf4 $17) 42... Rh3 $2 (42... Bg4 $19 43. e6 fxe6) 43. Nf4 $11 Rh2+ (43... Rh1 {is more complex.} 44. Rd2 Bc4 45. Rd6 Rf1+ 46. Kg3 Rg1+) 44. Ke3 Rxe2+ 45. Kxe2 $14 {KB-KN} Kf8 (45... Bc4+ $14 46. Ke3 c5) 46. Ke3 $16 Ke7 47. Kd4 Kd7 $2 {[#]} (47... a5 $16) 48. Kc5 $1 $18 {[%cal Rc5b6]} Kc7 $2 (48... Bg4 49. Kb6 Bf5 50. Kxa6 Kc7) 49. b4 $2 (49. Nxe6+ $18 Kd7 50. Nxg7) 49... Bb3 (49... Bg4 $11) 50. Ne2 ({Better is} 50. Kd4 $14) 50... Be6 51. Nd4 Bd7 52. c4 bxc4 $2 (52... g6 $1 $11) 53. Kxc4 Kb6 54. a4 {[%cal Ba3a4,Ba4a5][%mdl 32]} g6 $2 {[%mdl 8192]} (54... Bc8 $16) 55. a5+ Kb7 56. Kc5 Kc7 57. Nf3 Be6 58. Nd2 Bd7 $2 (58... Bd5 59. Nf1 Bf3) 59. Ne4 Be6 60. Nd6 Kd7 61. Nb7 $2 (61. Kb6 $18 Bd5 62. Kxa6) 61... Kc7 $11 62. Nd6 Bb3 $2 {[%mdl 8192]} (62... Kd7 $11) 63. Ne4 $2 (63. Kd4 $18 {aiming for Ne4.} Bd5 64. Ne8+ Kd8 65. Nd6) 63... Ba4 $2 {[%mdl 8192]} (63... Be6 $11) 64. Nf6 {White is clearly winning.} Bb5 (64... Bb3 $142 65. Kd4 Be6) 65. Ne8+ $18 Kd7 66. Nd6 Bd3 67. Nxf7 Be4 {[%mdl 32768] Never resign too early! Accuracy: White = 62%, Black = 48%. . Loss on time!?} 0-1

[Event "Stay Safe Play From Home 150"]
[Site "T#646043Emanuel Laske"]
[Date "2020.05.14"]
[Round "7"]
[White "Kongle"]
[Black "Tumnik_ad"]
[Result "0-1"]
[WhiteElo "1809"]
[BlackElo "1884"]
[Annotator "NA RC"]
[PlyCount "96"]
[EventDate "2020.05.14"]
[EventType "swiss (blitz)"]

1. d4 {[%emt 0:00:03]} e6 {[%emt 0:00:00]} 2. c4 {[%emt 0:00:01]} b6 {[%emt 0:00:00]} 3. Nc3 {[%emt 0:00:01]} Bb7 {[%emt 0:00:01]} 4. f3 {[%emt 0:00:00]} Nh6 {[%emt 0:00:03]} 5. e4 {[%emt 0:00:01]} Bb4 {[%emt 0:00:01]} 6. Bd3 {[%emt 0:00:03]} O-O {[%emt 0:00:01]} 7. Nge2 {[%emt 0:00:01]} f5 {[%emt 0:00:01]} 8. Bxh6 {[%emt 0:00:01]} Qh4+ {[%emt 0:00:01]} 9. g3 {[%emt 0:00:04]} Qxh6 {[%emt 0:00:00]} 10. O-O {[%emt 0:00:02]} Qe3+ {[%emt 0:00:02]} 11. Kh1 {[%emt 0:00:01]} fxe4 {[%emt 0:00:01]} 12. Bxe4 {[%emt 0:00:07]} Bxe4 {[%emt 0:00:02]} 13. fxe4 {[%emt 0:00:07]} Nc6 {[%emt 0:00:03]} 14. Rxf8+ {[%emt 0:00:11]} Rxf8 {[%emt 0:00:00]} 15. Qg1 {[%emt 0:00:10]} Qf3+ {[%emt 0:00:05]} 16. Qg2 {[%emt 0:00:02]} Qd3 {[%emt 0:00:02]} 17. Rd1 {[%emt 0:00:05]} Qxc4 {[%emt 0:00:01]} 18. d5 {[%emt 0:00:04]} Ne5 {[%emt 0:00:06]} 19. dxe6 {[%emt 0:00:05]} Qxe6 {[%emt 0:00:00]} 20. Nd5 {[%emt 0:00:04]} Bd6 {[%emt 0:00:03]} 21. Nef4 {[%emt 0:00:03]} Qh6 {[%emt 0:00:04]} 22. a3 {[%emt 0:00:14]} c6 {[%emt 0:00:05]} 23. Ne3 {[%emt 0:00:10]} Bc5 {[%emt 0:00:02]} 24. Nf5 {[%emt 0:00:06]} Qf6 {[%emt 0:00:06]} 25. b4 {[%emt 0:00:01]} Be7 {[%emt 0:00:06]} 26. Nxe7+ {[%emt 0:00:04]} Qxe7 {[%emt 0:00:00]} 27. Qh3 {[%emt 0:00:03]} d6 {[%emt 0:00:07]} 28. Kg2 {[%emt 0:00:07]} Ng6 {[%emt 0:00:12]} 29. Qe6+ {[%emt 0:00:02]} Qxe6 {[%emt 0:00:06]} 30. Nxe6 {[%emt 0:00:01]} Rf6 {[%emt 0:00:16]} 31. Rxd6 {[%emt 0:00:01]} Nf8 {[%emt 0:00:01]} 32. Rxc6 {[%emt 0:00:24]} Rxe6 {[%emt 0:00:03]} 33. Rc7 {[%emt 0:00:02]} a5 {[%emt 0:00:05]} 34. bxa5 {[%emt 0:00:02]} bxa5 {[%emt 0:00:00]} 35. Rc4 {[%emt 0:00:02]} h6 {[%emt 0:00:03]} 36. Kf3 {[%emt 0:00:01]} Ng6 {[%emt 0:00:01]} 37. Rc5 {[%emt 0:00:03]} Re5 {[%emt 0:00:03]} 38. Rc8+ {[%emt 0:00:01]} Kh7 {[%emt 0:00:01]} 39. a4 {[%emt 0:00:01]} Re7 {[%emt 0:00:03]} 40. h4 {[%emt 0:00:02]} Rd7 {[%emt 0:00:01]} 41. Rc5 {[%emt 0:00:05]} Rd3+ {[%emt 0:00:04]} 42. Kg4 {[%emt 0:00:01]} Re3 {[%emt 0:00:02]} 43. Rxa5 {[%emt 0:00:02]} Rxe4+ {[%emt 0:00:01]} 44. Kf5 {[%emt 0:00:00]} Rb4 {[%emt 0:00:00]} 45. g4 {[%emt 0:00:02]} Rf4+ {[%emt 0:00:02]} 46. Ke6 {[%emt 0:00:01]} Rxg4 {[%emt 0:00:00]} 47. Ra8 {[%emt 0:00:01]} Nf4+ {[%emt 0:00:02]} 48. Kd6 {[%emt 0:00:03]} Rg6+ {[%emt 0:00:01] Time (Lag: Av=0.57s, max=0.8s) .} 0-1